Sustainable housing - realistic goal, or fantasy (Record no. 74184)
[ view plain ]
| 000 -LEADER | |
|---|---|
| fixed length control field | 01220cab a2200229 4500 |
| 001 - CONTROL NUMBER | |
| control field | ABS67510 |
| 008 - FIXED-LENGTH DATA ELEMENTS--GENERAL INFORMATION | |
| fixed length control field | 040301n2004 000 0 eng u |
| 035 ## - SYSTEM CONTROL NUMBER | |
| System control number | (Sirsi) u125255 |
| 100 ## - MAIN ENTRY--PERSONAL NAME | |
| Personal name | Lee, M. |
| 245 ## - TITLE STATEMENT | |
| Title | Sustainable housing - realistic goal, or fantasy |
| 260 ## - PUBLICATION, DISTRIBUTION, ETC. | |
| Date of publication, distribution, etc. | 2004 |
| 490 ## - SERIES STATEMENT | |
| Series statement | Global Tenant: International Union of Tenants' Quarterly Magazine |
| 520 ## - SUMMARY, ETC. | |
| Summary, etc. | Considers whether the concept of sustainability, enshrined by the EU as a guiding principle, can be applied to housing. Suggests on the basis of a study of multi-family housing in Lithuania that sustainability can be a useful conceptual framework to help tenants, owners, managers and politicians examine which management practices are in their best interests. Provides some facts and figures about Lithuania's housing stock - more information available at United Nations Commission for Europe's website www.unece.org. |
| 590 ## - LOCAL NOTE (RLIN) | |
| Local note | ABS |
| 650 ## - SUBJECT ADDED ENTRY--TOPICAL TERM | |
| Topical term or geographic name entry element | EUROPEAN UNION |
| 650 ## - SUBJECT ADDED ENTRY--TOPICAL TERM | |
| Topical term or geographic name entry element | LITHUANIA |
| 650 ## - SUBJECT ADDED ENTRY--TOPICAL TERM | |
| Topical term or geographic name entry element | SOCIAL HOUSING |
| 650 ## - SUBJECT ADDED ENTRY--TOPICAL TERM | |
| Topical term or geographic name entry element | SUSTAINABLE HOUSING |
| 690 ## - LOCAL SUBJECT ADDED ENTRY--TOPICAL TERM (OCLC, RLIN) | |
| Topical term or geographic name as entry element | DEVELOPMENT-SUSTAINABLE |
| 856 ## - ELECTRONIC LOCATION AND ACCESS | |
| Uniform Resource Identifier | <a href="https://www.tenant.net/Other_Areas/IUT/0401GlobalTenant.pdf">https://www.tenant.net/Other_Areas/IUT/0401GlobalTenant.pdf</a> |
| Public note | View the article for free online at www.tenant.net. |
| 942 ## - ADDED ENTRY ELEMENTS (KOHA) | |
| Suppress in OPAC | 0 |
| Withdrawn status | Lost status | Source of classification or shelving scheme | Damaged status | Not for loan | Home library | Current library | Shelving location | Date acquired | Total Checkouts | Full call number | Barcode | Date last seen | Copy number | Price effective from | Koha item type |
|---|---|---|---|---|---|---|---|---|---|---|---|---|---|---|---|
| Dewey Decimal Classification | London | London | Journal article | 01/03/2004 | ABS67510 | 125255-1001 | 06/08/2019 | 1 | 06/08/2019 | Journal article |